000 00661nam a2200217Ia 4500
005 20260429112025.0
008 260429s9999||||xx |||||||||||||| ||und||
020 _a9781032438726
041 _aEnglish
082 _a370.72
_bDEL
100 _aDelong, Jacqueline
245 0 _aYou and your living-educational theory :
_bhow to conduct a values-based inquiry for human flourishing /
_cJacqueline Delong
250 _a1st ed.
260 _aNew York :
_bRoutledge,
_c2024.
300 _aix, 212 p.; pbk
650 _a Human development
650 _a Values-based inquiry
650 _aEducational research
700 _a Whitehead, Jack
942 _cTB
999 _c51942
_d51942